| 000 | 01060nam a2200265Ia 4500 | ||
|---|---|---|---|
| 999 |
_c5342 _d5342 |
||
| 003 | OSt | ||
| 005 | 20200608123526.0 | ||
| 008 | 191128t1973 ck fr 000 0 spa d | ||
| 020 | _a139021973 | ||
| 040 |
_aCO-JMCR _cCO-JMCR |
||
| 041 | 1 |
_aspa _heng |
|
| 082 | 0 | 4 |
_a330.0151 / _bB251t _223 |
| 100 | 1 |
_aBenavie, Arthur, _eautor _95181 |
|
| 245 | 1 | 0 |
_aTécnicas matemáticas del análisis económico / _cArthur Benavie ; traducción y adaptación Jesus Maria Castaño Ceballos |
| 260 |
_aBogotá : _bPrentice-Hall, _c©1973 |
||
| 300 |
_axii, 262 páginas ; _c22 cm. |
||
| 504 | _aBibliografía: páginas 251-255 | ||
| 505 | 0 | _aAnálisis estático comparado -- Teoría de la optimización -- Técnicas para modelos económicos dinámicos -- Teoría de la estabilidad -- Teoría del control óptimo | |
| 534 | _pMathematical techniques for economic analysis | ||
| 546 | _aTraducido del inglés | ||
| 650 | 1 | 4 |
_aAnálisis económico _91810 |
| 650 | 1 | 4 |
_aEconomía _95182 |
| 700 | 1 |
_aCastaño Ceballos, Jesús Maria, _etraductor _95183 |
|
| 942 |
_2ddc _cBK |
||